Die teuersten Fußballtransfers - Linker Verteidiger - Statistiken

Allgemein
  • Dieses Quiz wurde 86 mal gespielt
  • Das Durchschnittsergebnis liegt bei 8 aus 10
Antwortstatistiken
Ablöse (M €) Saison Nationalität Abgebender Verein Aufnehmender Verein Spieler % Korrekt
80,00 2019-2020 Frankreich Atlético Madrid Bayern München Lucas Hernández
99%
45,00 2023-2024 Frankreich Bayern München Paris SG Lucas Hernández
99%
57,50 2017-2018 Frankreich AS Monaco Manchester City Benjamin Mendy
97%
48,00 2019-2020 Frankreich Olympique Lyon Real Madrid Ferland Mendy
97%
65,30 2022-2023 Spanien Brighton FC Chelsea Marc Cucurella
92%
35,00 2022-2023 Ukraine Manchester City FC Arsenal Oleksandr Zinchenko
86%
37,50 2014-2015 England Southampton Manchester United Luke Shaw
81%
38,00 2022-2023 Portugal Sporting Paris SG Nuno Mendes
81%
50,20 2020-2021 England Leicester City FC Chelsea Ben Chilwell
69%
32,50 2024-2025 England FC Chelsea Newcastle United Lewis Hall
20%
Keine übereinstimmenden Quizze gefunden
Verteilung der Resultate
Anzahl Personen mit jedem Resultat
Perzentil nach korrekt beantworteten Fragen
Ihre Resultats-Entwicklung
Sie haben dieses Quiz noch nicht gespielt